000
00288nam a2200133Ia 4500
100
_a
Lowenberg/E.C
942
_c
BK
654
_a
electronic
245
_a
Electronic Circuits
260
_b
McGraw Hill
_a
Singapore
_c
1983
082
_a
621.38153
_b
LOW
300
_a
274
546
_a
ENGLISH
999
_c
29961
_d
29961